| LDR | | 04416cmm u2200697 i 4500 |
| 001 | | 000000340617 |
| 003 | | EBZ |
| 005 | | 20260127112402 |
| 006 | | m d |
| 007 | | cr cnu---unuuu |
| 008 | | 241211s2025 pau ob 001 0 eng |
| 010 | |
▼a 2024048479 |
| 020 | |
▼a 9798369368923
▼q electronic book |
| 020 | |
▼a 9798369368930
▼q (electronic bk.) |
| 020 | |
▼z 9798369368909
▼q hardcover |
| 020 | |
▼z 9798369368916
▼q paperback |
| 024 | 7 |
▼a 10.4018/979-8-3693-6890-9
▼2 doi |
| 040 | |
▼a EBZ
▼b eng
▼c EBZ
▼d 248032 |
| 042 | |
▼a pcc |
| 049 | |
▼a MAIN |
| 050 | 04 |
▼a HM1231
▼b .D44 2025 |
| 082 | 00 |
▼a 001.9/5
▼2 23/eng/20241221 |
| 245 | 00 |
▼a Deepfakes and their impact on business /
▼c [edited by] Gaurav Gupta, Sailaja Bohara, Raj K. Kovid, Kapil Pandla. |
| 260 | |
▼a Hershey, PA :
▼b IGI Global Scientific Publishing,
▼c [2025] |
| 300 | |
▼a 1 online resource (xxi, 377 pages) :
▼b color illustrations. |
| 336 | |
▼a text
▼b txt
▼2 rdacontent |
| 337 | |
▼a computer
▼b c
▼2 rdamedia |
| 338 | |
▼a online resource
▼b cr
▼2 rdacarrier |
| 341 | 0 |
▼a textual
▼2 sapdv
▼3 EBSCOhost |
| 504 | |
▼a Includes bibliographical references and index. |
| 505 | 0 |
▼a Foreword -- Preface -- Chapter 1. Introduction to Deepfake Technology and Its Early Foundations -- Chapter 2. The Impact of Deep Fakes in Markets and Economies -- Chapter 3. Assessing the Believability of Deepfake Ads in the Indian Market -- Chapter 4. Deepfakes in Action: Exploring Use Cases Across Industries -- Chapter 5. The Impact of Deepfakes on Trust and Security in Islamic Banking: Emerging Threats and Mitigation Strategies -- Chapter 6. Shaping Consumer Perception Through Deepfake Marketing: Ethics and Implications -- Chapter 7. Collaboration and Collective Action: Addressing the Deepfake Challenge as a Community -- Chapter 8. Financial Fraud and Manipulation: The Malicious Use of Deepfakes in Business -- Chapter 9. Deepfake Prospects, Mitigating Factors, and Deceptions -- Chapter 10. The Dark Side of Deepfakes: Fraud and Cybercrime -- Chapter 11. The Future of Deepfakes: Emerging Trends and Potential Applications -- Chapter 12. Preventing Deepfakes From Being Used for Impersonation and Defamation -- Chapter 13. Building Resilience: Strategies for Business to Mitigate Deepfake Risks -- Chapter 14. Demystifying Deepfakes: Understanding, Implications, and Safeguards -- Compilation of References -- About the Contributors -- Index. |
| 520 | |
▼a "The book can bridge the gap between deepfake research and the business community by presenting complex information in an accessible manner"--
▼c Provided by publisher. |
| 532 | 0 |
▼3 EBSCOhost
▼a "EBSCO evaluates our products based on the Web Content Accessibility Guidelines (WCAG) and the related Section 508 and EN 301 549 regulations in the US and EU. Most EBSCO products are substantially conformant with WCAG 2.2 level AA." Source: https://connect.ebsco.com/s/article/EBSCO-VPATs?language=en_US. Last accessed April 22, 2025. |
| 588 | |
▼a Description based on online resource; title from digital title page (viewed on December 30, 2024). |
| 590 | |
▼a Added to collection customer.56279.3 |
| 650 | 0 |
▼a Deepfakes
▼x Economic aspects. |
| 650 | 0 |
▼a Disinformation
▼x Economic aspects. |
| 650 | 0 |
▼a Fraud. |
| 650 | 0 |
▼a Technological innovations
▼x Moral and ethical aspects. |
| 650 | 7 |
▼a fraud.
▼2 aat |
| 653 | |
▼a Accounting and Finance. |
| 653 | |
▼a Banking. |
| 653 | |
▼a Cybercrime. |
| 653 | |
▼a Cybersecurity. |
| 653 | |
▼a Deepfakes. |
| 653 | |
▼a Defamation. |
| 653 | |
▼a Economics and Economic Theory. |
| 653 | |
▼a Financial Fraud. |
| 653 | |
▼a Fraud Mitigation. |
| 653 | |
▼a Impersonation. |
| 653 | |
▼a Risk Management and Assessment. |
| 653 | |
▼a Security and Privacy. |
| 700 | 1 |
▼a Gupta, Gaurav,
▼c (Assistant professor),
▼e editor. |
| 700 | 1 |
▼a Bohara, Sailaja,
▼d 1994-,
▼e editor. |
| 700 | 1 |
▼a Kovid, Raj K.,
▼d 1972-,
▼e editor.
▼1 https://id.oclc.org/worldcat/entity/E39PCjKFf7Xqy4MryCDhQxxggC |
| 700 | 1 |
▼a Pandla, Kapil,
▼d 1973-,
▼e editor. |
| 776 | 08 |
▼i Print version:
▼t Deepfakes and their impact on business
▼d Hershey, PA : IGI Global, [2025]
▼z 9798369368909
▼w (DLC) 2024048478 |
| 856 | 40 |
▼3 EBSCOhost
▼u https://search.ebscohost.com/login.aspx?direct=true&scope=site&db=nlebk&db=nlabk&AN=4097118 |
| 938 | |
▼b OCKB
▼z IGI.stmebkenh2025,f0f0d985-d489-41b3-8599-2f02f88d9553-emi |
| 938 | |
▼a IGI Global
▼b IGIG
▼n 00346226 |
| 938 | |
▼a EBSCOhost
▼b EBSC
▼n 4097118 |
| 990 | |
▼a 관리자 |